Visualizzazione normale
Vista MARC
- Corral, Pedro de,
di Personal Name
Records bibliografici associati: 1
001 - CONTROL NUMBER
- control field: 66990
003 - CONTROL NUMBER IDENTIFIER
- control field: IT-RoINE
005 - DATE AND TIME OF LATEST TRANSACTION
- control field: 20200302092108.0
008 - FIXED-LENGTH DATA ELEMENTS
- fixed length control field: 200302|| aca||aabn | a|a d
040 ## - CATALOGING SOURCE
- Original cataloging agency: IT-RoINE
- Transcribing agency: IT-RoINE
100 ## - HEADING--PERSONAL NAME
- Personal name: Corral, Pedro de,
- Dates associated with a name: Siglos 14o.-15o.
670 ## - SOURCE DATA FOUND
- Source citation: Work cat.: (IT-RoINE)0: Corral, Pedro de, Siglos 14o.-15o., Crónica del rey don Rodrigo (Crónica sarracina) :, 2001.